Statistics for Counties of Maryland by populous

Click here to take the quiz!

General Stats

  • This quiz has been taken 6 times
  • The average score is 6 of 10

Answer Stats

PopulationCounties% Correct
540,000Anne Arundel
80%
810,000Baltimore
80%
1.1MillionMontgomery
80%
870,000Prince Georges
80%
170,000Carroll
60%
270,000Frederick
60%
290,000Howard
60%
150,000Washington
60%
150,000Charles
40%
250,000Harford
20%

Score Distribution

Percentile by Number Answered

Percent of People with Each Score

Your Score History

You have not taken this quiz